000 00826nam a2200217Ia 4500
003 GCL
008 140319s9999 xx 000 0 ara d
040 _aGCL /
_cGCL
082 0 4 _a811.5
_bخ د
100 1 _aالخالدى : ابوعثمان سعد بن هاشم بن دعلة بن عرام
245 1 0 _aديوان الخالدين /
_cالخالدى : ابوعثمان سعد بن هاشم بن دعلة بن عرام
700 1 _aالخالدى : ابو بكر محمد بن هاشم بن دعلة بن عرام
260 _aبيروت :
_bدار صادر ،
_c1992
300 _a278 ص ؛
_c24 سم
490 _a
650 0 4 _aالشعر العربى
650 0 4 _aالادب العربى
650 0 4 _aدواوين وقصائد
650 0 4 _aالدولة العباسية الثانية
942 _2ddc
_cBK
999 _c33860
_d33860